000 00281nam a22001217a 4500
020 _a81-207--2393-7
082 _a823
_bALL/A
100 _aALLEN, JAMES
245 _aAS A MAN THINKETH
260 _aDELHI
_bSRERILING PUBLISHERS
650 _aENGLISH SHORT STORY
_zMUMBAI
942 _cBK
999 _c2704
_d2704